[Event "Warsaw Szansa rapid op"]
[Site "Warsaw"]
[Date "2023.09.17"]
[Round "8"]
[White "Gumularz, Szymon"]
[Black "Jarzebowski, Kacper"]
[Result "1-0"]
[WhiteElo "2587"]
[BlackElo "2145"]
[PlyCount "111"]
[EventDate "2023.09.17"]
[EventType "swiss (rapid)"]
[EventRounds "9"]
[EventCountry "POL"]
[SourceTitle "EXT 2024"]
[Source "ChessBase"]
[SourceDate "2023.10.10"]
[SourceVersion "1"]
[SourceVersionDate "2023.10.10"]
[SourceQuality "1"]

1. c4 e5 2. d3 Nf6 3. Nf3 Nc6 4. a3 a5 5. b3 d6 6. Bb2 g6 7. e3 Bg7 8. Be2 0-0 9. 0-0 Re8 10. Qc2 Bf5 11. Nfd2 h5 12. Nc3 h4 13. h3 Nh7 14. Nde4 Ng5 15. Nxg5 Qxg5 16. Kh1 Bd7 17. Bf3 Rab8 18. Nd5 Qd8 19. b4 axb4 20. axb4 Ne7 21. Nxe7+ Qxe7 22. Ra7 Bc6 23. Bxc6 bxc6 24. Bc3 e4 25. d4 Qe6 26. d5 cxd5 27. cxd5 Qxd5 28. Bxg7 Kxg7 29. Rd1 Qf5 30. Rxc7 Rec8 31. Rxc8 Rxc8 32. Qb2+ Qe5 33. Qe2 Rc3 34. Rb1 Ra3 35. b5 Ra1 36. Qd1 Ra7 37. b6 Rb7 38. Qa4 Qc5 39. Qa1+ f6 40. Qa4 g5 41. Qa8 Qc6 42. Kg1 d5 43. Qd8 Kg6 44. Qg8+ Kf5 45. Rd1 Rd7 46. Qe8 Qb7 47. Kh1 Rd6 48. Qb5 Rxb6 49. Rxd5+ Kg6 50. Qe8+ Qf7 51. Qxe4+ Kg7 52. Qd4 Rb1+ 53. Kh2 Qc7+ 54. f4 Rb7 55. Rxg5+ Kf7 56. Qd5+ 1-0

[Event "Warsaw Najdorf Memorial op-A"]
[Site "Warsaw"]
[Date "2023.07.18"]
[Round "8"]
[White "Jarzebowski, Kacper"]
[Black "Chomczyk, Marek"]
[Result "0-1"]
[WhiteElo "2134"]
[BlackElo "2277"]
[PlyCount "80"]
[EventDate "2023.07.11"]
[EventType "swiss"]
[EventRounds "9"]
[EventCountry "POL"]
[SourceTitle "EXT 2024"]
[Source "ChessBase"]
[SourceDate "2023.10.10"]
[SourceVersion "1"]
[SourceVersionDate "2023.10.10"]
[SourceQuality "1"]

1. d4 e6 2. Nf3 f5 3. c4 Nf6 4. Bf4 b6 5. Nc3 Bb7 6. g3 Bb4 7. Bd2 c5 8. Bg2 Ne4 9. Rc1 0-0 10. 0-0 Qf6 11. d5 Bxc3 12. Bxc3 Nxc3 13. Rxc3 e5 14. Nd2 d6 15. Rf3 Qe7 16. Qc2 Bc8 17. Bh3 g6 18. e4 f4 19. Bxc8 Rxc8 20. gxf4 exf4 21. e5 Qxe5 22. Qe4 Rf8 23. Qxe5 dxe5 24. Re1 Nd7 25. Ne4 Kg7 26. Ra3 a5 27. Rb3 h6 28. a3 g5 29. h3 Kg6 30. f3 Rfb8 31. Rb5 a4 32. Nc3 Kf5 33. b4 axb3 34. a4 h5 35. Rxb3 Rg8 36. Rb2 g4 37. hxg4+ hxg4 38. Rh2 gxf3+ 39. Kf1 Rh8 40. Rf2 Rh1# 0-1

[Event "POL-ch Universities"]
[Site "Bydgoszcz"]
[Date "2023.03.11"]
[Round "7"]
[White "Pniaczek, Marek"]
[Black "Jarzebowski, Kacper"]
[Result "1/2-1/2"]
[WhiteElo "2232"]
[BlackElo "2145"]
[PlyCount "112"]
[EventDate "2023.03.10"]
[EventType "swiss"]
[EventRounds "9"]
[EventCountry "POL"]
[SourceTitle "CBM 213 Extra"]
[Source "ChessBase"]
[SourceDate "2023.05.31"]
[SourceVersion "1"]
[SourceVersionDate "2023.05.31"]
[SourceQuality "1"]

1. e4 c6 2. Nc3 d5 3. Nf3 Bg4 4. Be2 e6 5. d4 dxe4 6. Nxe4 Nd7 7. h3 Bxf3 8. Bxf3 Ngf6 9. 0-0 Be7 10. Re1 0-0 11. c3 Qc7 12. Nxf6+ Nxf6 13. Qb3 Rfd8 14. a4 h6 15. a5 Bf8 16. a6 b6 17. Qc4 Rac8 18. b4 Nd5 19. Bd2 Qd7 20. Qb3 Qd6 21. Rab1 c5 22. dxc5 bxc5 23. b5 c4 24. Qc2 Qb6 25. Bxd5 Rxd5 26. Be3 Bc5 27. Bxc5 Rcxc5 28. Rb4 g6 29. Re4 Rxb5 30. Rexc4 Qxa6 31. Rxb5 Rxb5 32. Rc7 Qb6 33. Rc8+ Kg7 34. c4 Rb1+ 35. Kh2 Qb2 36. Qxb2+ Rxb2 37. Kg3 Rc2 38. Ra8 Rxc4 39. Rxa7 h5 40. h4 Kf6 41. f3 e5 42. Ra6+ Kf5 43. Ra5 f6 44. Rb5 Ra4 45. Rc5 g5 46. hxg5 Kxg5 47. Rc8 e4 48. Rg8+ Kf5 49. fxe4+ Rxe4 50. Rh8 Rg4+ 51. Kf3 Rf4+ 52. Kg3 Rg4+ 53. Kf3 Rg5 54. Rxh5 Rxh5 55. g4+ Kg5 56. gxh5 Kxh5 1/2-1/2

[Event "Warsaw Szansa op"]
[Site "Warsaw"]
[Date "2022.09.18"]
[Round "10"]
[White "Jarzebowski, Kacper"]
[Black "Adamski, Adam"]
[Result "1-0"]
[WhiteElo "2106"]
[BlackElo "1886"]
[PlyCount "91"]
[EventDate "2022.09.17"]
[EventType "swiss (rapid)"]
[EventRounds "11"]
[EventCountry "POL"]
[SourceTitle "EXT 2023"]
[Source "ChessBase"]
[SourceDate "2022.10.05"]
[SourceVersion "1"]
[SourceVersionDate "2022.10.05"]
[SourceQuality "1"]

1. Nf3 Nf6 2. g3 g6 3. Bg2 d5 4. 0-0 Bg7 5. d3 Nbd7 6. Nc3 c6 7. e4 dxe4 8. Nxe4 0-0 9. c3 Nxe4 10. dxe4 e5 11. Bg5 Qc7 12. Qc2 Re8 13. Rfd1 Nf8 14. Nd2 Bg4 15. Bf3 Bxf3 16. Nxf3 f6 17. Be3 b6 18. h4 Rad8 19. a4 Rxd1+ 20. Rxd1 Rd8 21. Qb3+ Kh8 22. h5 Rxd1+ 23. Qxd1 Qd7 24. Qe2 gxh5 25. Nh4 Qg4 26. Qc4 Qe6 27. Qa6 Qd7 28. a5 Ng6 29. Nf5 h4 30. axb6 axb6 31. Nxh4 b5 32. Qa8+ Nf8 33. Nf5 Qd1+ 34. Kg2 Qd7 35. Bc5 Kg8 36. Nxg7 Qxg7 37. Qxc6 Qg4 38. Qa8 Qg7 39. Qxf8+ Qxf8 40. Bxf8 Kxf8 41. Kh3 Kf7 42. Kg4 Ke6 43. b3 h5+ 44. Kxh5 f5 45. exf5+ Kxf5 46. c4 1-0

[Event "Warsaw Szansa op"]
[Site "Warsaw"]
[Date "2022.09.18"]
[Round "7"]
[White "Jarzebowski, Kacper"]
[Black "Kulesza, Andrzej"]
[Result "0-1"]
[WhiteElo "2106"]
[BlackElo "2014"]
[PlyCount "209"]
[EventDate "2022.09.17"]
[EventType "swiss (rapid)"]
[EventRounds "11"]
[EventCountry "POL"]
[SourceTitle "EXT 2023"]
[Source "ChessBase"]
[SourceDate "2022.10.05"]
[SourceVersion "1"]
[SourceVersionDate "2022.10.05"]
[SourceQuality "1"]

1. e4 c5 2. Nf3 d6 3. g3 g6 4. Bg2 Bg7 5. 0-0 Nc6 6. Qe2 e5 7. a4 Nge7 8. c3 0-0 9. Na3 f5 10. d3 f4 11. Nc2 Bg4 12. h3 Bd7 13. gxf4 exf4 14. d4 Qc8 15. Kh2 h6 16. dxc5 d5 17. exd5 Nxd5 18. Nfd4 Nde7 19. Nb5 f3 20. Bxf3 Bxh3 21. Rg1 Qf5 22. Be4 Qe6 23. Ncd4 Nxd4 24. Nxd4 Qd7 25. Be3 h5 26. Rg5 Bg4 27. f3 Qc7+ 28. Kh1 Bd7 29. Rag1 Rf6 30. Qh2 Qxh2+ 31. Kxh2 Bxa4 32. Bxg6 Nxg6 33. Rxg6 Rxg6 34. Rxg6 Kf7 35. Rg1 Bd7 36. Kg3 Re8 37. Kf2 h4 38. f4 Bf6 39. Nf3 h3 40. Bd4 Bb5 41. Ne5+ Ke6 42. Rh1 Rh8 43. Nf3 Rh6 44. Bxf6 Kxf6 45. Kg3 Bc6 46. Rh2 Rg6+ 47. Ng5 Bg2 48. Kg4 Rg8 49. b4 Rg6 50. b5 Rg8 51. c4 Bf1 52. c6 Bxc4 53. Kxh3 Bxb5 54. cxb7 Bc6 55. Rb2 Rb8 56. Kg4 Rxb7 57. Rd2 Bd7+ 58. Kh5 Kf5 59. Rf2 a5 60. Kh4 a4 61. Nf7 Ra7 62. Nd6+ Ke6 63. Nc4 Kf6 64. Na3 Be6 65. Kg3 Rg7+ 66. Kf3 Bd5+ 67. Ke2 Rg3 68. Nc2 a3 69. Nxa3 Rxa3 70. f5 Ke5 71. f6 Bf7 72. Kf1 Rg3 73. Ke1 Rg8 74. Kd2 Be6 75. Ke3 Bf5 76. f7 Rf8 77. Ra2 Be6 78. Ra5+ Bd5 79. Ra7 Bxf7 80. Re7+ Be6 81. Rg7 Ra8 82. Rg5+ Bf5 83. Rg7 Ra3+ 84. Kd2 Be4 85. Re7+ Kd4 86. Rd7+ Bd5 87. Rc7 Rd3+ 88. Kc2 Rg3 89. Kb2 Rg2+ 90. Rc2 Rg8 91. Rd2+ Kc5 92. Rc2+ Kb4 93. Rd2 Bc4 94. Rf2 Ra8 95. Kb1 Kc3 96. Rc2+ Kd3 97. Rf2 Rb8+ 98. Rb2 Bb3 99. Kc1 Rc8+ 100. Kb1 Kc3 101. Rh2 Rd8 102. Rh3+ Kb4 103. Rh4+ Bc4 104. Kc1 Kc3 105. Rxc4+ 0-1

[Event "POL-ch Academic"]
[Site "Chorzow"]
[Date "2022.04.02"]
[Round "7"]
[White "Nowak, Mikolaj"]
[Black "Jarzebowski, Kacper"]
[Result "1/2-1/2"]
[WhiteElo "2148"]
[BlackElo "1974"]
[PlyCount "69"]
[EventDate "2022.04.01"]
[EventType "swiss (rapid)"]
[EventRounds "9"]
[EventCountry "POL"]
[SourceTitle "EXT 2024"]
[Source "ChessBase"]
[SourceDate "2023.10.10"]
[SourceVersion "1"]
[SourceVersionDate "2023.10.10"]
[SourceQuality "1"]

1. d4 Nf6 2. Nf3 d6 3. c4 g6 4. e3 Bg7 5. Be2 0-0 6. 0-0 Nc6 7. d5 Ne5 8. Nxe5 dxe5 9. Nc3 e6 10. e4 exd5 11. exd5 h5 12. Re1 c6 13. dxc6 bxc6 14. Qxd8 Rxd8 15. Bf3 Be6 16. Bxc6 Rac8 17. Bb5 Bxc4 18. Bxc4 Rxc4 19. Bg5 Rb8 20. Bxf6 Bxf6 21. Nd5 Kg7 22. Re2 e4 23. Nxf6 Kxf6 24. Rd1 Rd8 25. Rde1 Kf5 26. f3 exf3 27. Rf1 Rc1 28. Ref2 Rxf1+ 29. Rxf1 Ke4 30. Re1+ Kd3 31. gxf3 Rb8 32. Re7 Rxb2 33. Rxa7 Ke3 34. Rxf7 Rxa2 35. Rf6 1/2-1/2

[Event "POL-ch Academic"]
[Site "Chorzow"]
[Date "2022.04.01"]
[Round "3"]
[White "Fus, Jakub"]
[Black "Jarzebowski, Kacper"]
[Result "1/2-1/2"]
[WhiteElo "2261"]
[BlackElo "1974"]
[PlyCount "127"]
[EventDate "2022.04.01"]
[EventType "swiss (rapid)"]
[EventRounds "9"]
[EventCountry "POL"]
[SourceTitle "EXT 2024"]
[Source "ChessBase"]
[SourceDate "2023.10.10"]
[SourceVersion "1"]
[SourceVersionDate "2023.10.10"]
[SourceQuality "1"]

1. d4 Nf6 2. Nf3 d5 3. c4 e6 4. Nc3 Be7 5. Bf4 0-0 6. e3 a6 7. cxd5 exd5 8. h3 c5 9. dxc5 Bxc5 10. Be2 Nc6 11. 0-0 d4 12. exd4 Nxd4 13. Nxd4 Qxd4 14. Qxd4 Bxd4 15. Bf3 Bxc3 16. bxc3 Be6 17. Bxb7 Ra7 18. Bf3 Rc8 19. Be5 Nd5 20. Rfd1 Rd7 21. Rac1 f6 22. Bd4 Kf7 23. Bh5+ g6 24. Be2 Rc6 25. a3 Nf4 26. Bf1 Bc4 27. Rb1 Ne6 28. Bxc4 Rxc4 29. Be3 Rxd1+ 30. Rxd1 Ke7 31. Rb1 Rxc3 32. Rb7+ Rc7 33. Rb6 Nc5 34. Bf4 Rd7 35. Rc6 Ne6 36. Be3 Rd6 37. Rc8 Rd8 38. Rc4 f5 39. Rb4 Rd6 40. Rb7+ Rd7 41. Rb4 Rd5 42. Kf1 Rb5 43. Ra4 Nc7 44. Rc4 Nd5 45. Bg5+ Kd7 46. g3 Rb1+ 47. Kg2 Rb2 48. Ra4 Rb6 49. h4 Nc3 50. Ra5 Ne4 51. Be3 Rc6 52. Rd5+ Rd6 53. Ra5 Rc6 54. h5 Rd6 55. h6 Rc6 56. Kf3 Nf6 57. Kf4 Rc4+ 58. Ke5 Ng4+ 59. Kd5 Nxe3+ 60. fxe3 Rc6 61. Ke5 Re6+ 62. Kf4 Ke7 63. Ra4 Kf6 64. Ra5 1/2-1/2

[Event "POL-ch Academic"]
[Site "Chorzow"]
[Date "2022.04.01"]
[Round "4"]
[White "Jarzebowski, Kacper"]
[Black "Kowalski, Igor"]
[Result "1/2-1/2"]
[WhiteElo "1974"]
[BlackElo "2230"]
[PlyCount "72"]
[EventDate "2022.04.01"]
[EventType "swiss (rapid)"]
[EventRounds "9"]
[EventCountry "POL"]
[SourceTitle "EXT 2024"]
[Source "ChessBase"]
[SourceDate "2023.10.10"]
[SourceVersion "1"]
[SourceVersionDate "2023.10.10"]
[SourceQuality "1"]

1. Nf3 d5 2. c4 c6 3. d4 Nf6 4. cxd5 cxd5 5. Bf4 Nc6 6. e3 Bg4 7. Be2 e6 8. 0-0 Bd6 9. Bxd6 Qxd6 10. Nfd2 Bxe2 11. Qxe2 0-0 12. Nc3 Rfe8 13. Nf3 e5 14. dxe5 Nxe5 15. Rfd1 Rad8 16. Nb5 Nxf3+ 17. Qxf3 Qb6 18. a4 a6 19. Nd4 Qxb2 20. Rab1 Qa3 21. Rxb7 Qxa4 22. g4 Rd7 23. Rbb1 h6 24. Ra1 Qb4 25. Rxa6 Rd6 26. Rxd6 Qxd6 27. Nf5 Qe5 28. h3 Ne4 29. Qf4 Qxf4 30. exf4 Nc3 31. Rd2 Ne2+ 32. Kg2 Nxf4+ 33. Kg3 Ne2+ 34. Kf3 Ng1+ 35. Kg2 Ne2 36. Kf3 Ng1+ 1/2-1/2

[Event "Bialystok Zamenhof Memorial 41st"]
[Site "Bialystok"]
[Date "2022.??.??"]
[Round "1"]
[White "Chylewski, Patryk"]
[Black "Jarzebowski, Kacper"]
[Result "1/2-1/2"]
[WhiteElo "2291"]
[BlackElo "2086"]
[PlyCount "51"]
[EventDate "2022.12.27"]
[EventType "swiss"]
[EventRounds "9"]
[EventCountry "POL"]
[SourceTitle "CBM 211 Extra"]
[Source "ChessBase"]
[SourceDate "2023.01.31"]
[SourceVersion "1"]
[SourceVersionDate "2023.01.31"]
[SourceQuality "1"]

1. d4 Nf6 2. c4 d6 3. Nf3 g6 4. Nc3 Bg7 5. e4 0-0 6. Be2 e5 7. 0-0 Nc6 8. d5 Ne7 9. a4 a5 10. Ne1 Ne8 11. Nd3 f5 12. f3 c6 13. c5 fxe4 14. fxe4 Rxf1+ 15. Bxf1 cxd5 16. Nxd5 Nxd5 17. exd5 e4 18. Nf2 dxc5 19. Be3 b6 20. Nxe4 Qe7 21. Qf3 Bf5 22. Ng3 Nd6 23. Bf2 Rf8 24. Re1 Qd8 25. Qb3 Bg4 26. Be3 1/2-1/2

[Event "Bialystok Zamenhof Memorial 41st"]
[Site "Bialystok"]
[Date "2022.??.??"]
[Round "9"]
[White "Czernek, Tymon"]
[Black "Jarzebowski, Kacper"]
[Result "1/2-1/2"]
[WhiteElo "2302"]
[BlackElo "2086"]
[PlyCount "90"]
[EventDate "2022.12.27"]
[EventType "swiss"]
[EventRounds "9"]
[EventCountry "POL"]
[SourceTitle "CBM 211 Extra"]
[Source "ChessBase"]
[SourceDate "2023.01.31"]
[SourceVersion "1"]
[SourceVersionDate "2023.01.31"]
[SourceQuality "1"]

1. e4 e5 2. Nf3 Nc6 3. Bc4 Nf6 4. d3 Be7 5. 0-0 0-0 6. h3 d6 7. c3 Na5 8. Bb5 a6 9. Ba4 b5 10. Bc2 c5 11. d4 Qc7 12. a4 Bd7 13. d5 Rfe8 14. Nbd2 Bf8 15. Re1 g6 16. Nf1 c4 17. g4 Nb7 18. Ng3 Reb8 19. axb5 axb5 20. Bd2 Be8 21. Nh2 Na5 22. g5 Nd7 23. Ng4 Qd8 24. Qf3 Be7 25. h4 h5 26. Nh6+ Kg7 27. Nhf5+ Kg8 28. Nxh5 gxh5 29. Qxh5 Bf8 30. Kh2 Nb3 31. Bxb3 Rxa1 32. Rxa1 cxb3 33. Rg1 Bg7 34. Qf3 Nc5 35. h5 Rb7 36. g6 fxg6 37. hxg6 Qf6 38. Bg5 Qxg6 39. Bh6 Qh7 40. Qh3 Bg6 41. Nxg7 Rxg7 42. Qc8+ Kf7 43. Qc7+ Kg8 44. Qc8+ Kf7 45. Qc7+ Kg8 1/2-1/2

[Event "Bialystok Zamenhof Memorial 41st"]
[Site "Bialystok"]
[Date "2022.??.??"]
[Round "7"]
[White "Kaczmarek, Arkadiusz"]
[Black "Jarzebowski, Kacper"]
[Result "0-1"]
[WhiteElo "2141"]
[BlackElo "2086"]
[PlyCount "88"]
[EventDate "2022.12.27"]
[EventType "swiss"]
[EventRounds "9"]
[EventCountry "POL"]
[SourceTitle "CBM 211 Extra"]
[Source "ChessBase"]
[SourceDate "2023.01.31"]
[SourceVersion "1"]
[SourceVersionDate "2023.01.31"]
[SourceQuality "1"]

1. d4 Nf6 2. Nf3 g6 3. c4 Bg7 4. e3 0-0 5. Be2 d6 6. Nc3 Nbd7 7. 0-0 e5 8. Qc2 Re8 9. Rd1 e4 10. Nd2 Qe7 11. b4 h5 12. a4 Nf8 13. Ba3 N8h7 14. b5 Bf5 15. a5 Ng5 16. Qb3 Qe6 17. Nd5 Rac8 18. Nf4 Qd7 19. Rdc1 Bg4 20. Bf1 c5 21. bxc6 bxc6 22. Rab1 Ne6 23. Nxe6 fxe6 24. a6 e5 25. dxe5 dxe5 26. c5+ Be6 27. Qc2 Rf8 28. Nxe4 Nxe4 29. Qxe4 Qf7 30. Qc2 Rc7 31. Bc4 Kh7 32. Bxe6 Qxe6 33. Rd1 e4 34. Rd6 Qf5 35. Bb2 Rb8 36. Bxg7 Qxc5 37. Qxe4 Qxd6 38. Bc3 Rxb1+ 39. Qxb1 Rd7 40. f4 Qd1+ 41. Qxd1 Rxd1+ 42. Kf2 c5 43. Be5 Rd2+ 44. Kf3 Ra2 0-1

[Event "Bialystok Zamenhof Memorial 41st"]
[Site "Bialystok"]
[Date "2022.??.??"]
[Round "5"]
[White "Malisauskas, Vidmantas"]
[Black "Jarzebowski, Kacper"]
[Result "1-0"]
[WhiteElo "2364"]
[BlackElo "2086"]
[PlyCount "81"]
[EventDate "2022.12.27"]
[EventType "swiss"]
[EventRounds "9"]
[EventCountry "POL"]
[SourceTitle "CBM 211 Extra"]
[Source "ChessBase"]
[SourceDate "2023.01.31"]
[SourceVersion "1"]
[SourceVersionDate "2023.01.31"]
[SourceQuality "1"]

1. Nf3 Nf6 2. c4 d6 3. Nc3 g6 4. d4 Bg7 5. e4 0-0 6. h3 e5 7. d5 Nh5 8. g3 f5 9. exf5 gxf5 10. Ng5 Nf6 11. Bg2 h6 12. Ne6 Bxe6 13. dxe6 c6 14. Qf3 Ne4 15. Nxe4 fxe4 16. Qxe4 Qf6 17. Be3 Qxe6 18. Qg4 Qf6 19. 0-0 Na6 20. Rad1 Rf7 21. Rd2 Kh8 22. Rfd1 Bf8 23. f4 Rg7 24. Qf3 Re8 25. fxe5 Qxf3 26. Bxf3 dxe5 27. Kg2 Bc5 28. Bxh6 Rg6 29. Bh5 Kh7 30. Bxg6+ Kxg6 31. Rd6+ Bxd6 32. Rxd6+ Kf5 33. Kf3 Re6 34. g4+ Kf6 35. Rxe6+ Kxe6 36. Be3 Nb4 37. a3 Nd3 38. b3 a5 39. a4 Ne1+ 40. Ke2 Ng2 41. Bg5 1-0

[Event "POL-chT 1st League"]
[Site "Szklarska Poreba"]
[Date "2021.09.12"]
[Round "9.10"]
[White "Wojdak, Jan"]
[Black "Jarzebowski, Kacper"]
[Result "1/2-1/2"]
[WhiteElo "2185"]
[BlackElo "2090"]
[PlyCount "92"]
[EventDate "2021.09.04"]
[EventType "team-swiss"]
[EventRounds "9"]
[EventCountry "POL"]
[SourceTitle "CBM 204 Extra"]
[Source "ChessBase"]
[SourceDate "2021.11.30"]
[SourceVersion "1"]
[SourceVersionDate "2021.11.30"]
[SourceQuality "1"]
[WhiteTeam "Chrobry Gniezno"]
[BlackTeam "Warszawa Czternastka"]
[WhiteTeamCountry "POL"]
[BlackTeamCountry "POL"]

1. e4 c6 2. d4 d5 3. exd5 cxd5 4. c4 Nf6 5. Nc3 Nc6 6. Nf3 Bg4 7. Bg5 Qa5 8. Bxf6 exf6 9. h3 Bxf3 10. Qxf3 dxc4 11. 0-0-0 0-0-0 12. d5 Ne5 13. Qf5+ Kb8 14. f4 Nd3+ 15. Bxd3 cxd3 16. Qxd3 Bb4 17. Kb1 Bxc3 18. Qxc3 Qxc3 19. bxc3 Rhe8 20. Rhe1 Kc7 21. c4 Kd6 22. Kc2 Kc5 23. Kc3 f5 24. Rb1 b6 25. a4 a6 26. Re5 f6 27. Rxf5 Rd6 28. Rh5 Re4 29. Rxh7 Rxc4+ 30. Kd3 Rxa4 31. Ke3 Ra3+ 32. Kf2 g6 33. Rg7 Ra4 34. Ke3 Ra3+ 35. Kf2 Kxd5 36. Rxg6 Ke4 37. Rb4+ Kf5 38. Rg8 b5 39. Ke2 Re6+ 40. Kf2 Re4 41. Rxe4 Kxe4 42. h4 b4 43. h5 Ra5 44. Rb8 Kxf4 45. h6 Rh5 46. Rxb4+ Ke5 1/2-1/2

[Event "POL-chT 1st League"]
[Site "Szklarska Poreba"]
[Date "2021.09.09"]
[Round "6.10"]
[White "Jasnikowski, Zbigniew"]
[Black "Jarzebowski, Kacper"]
[Result "1-0"]
[WhiteElo "2326"]
[BlackElo "2090"]
[PlyCount "147"]
[EventDate "2021.09.04"]
[EventType "team-swiss"]
[EventRounds "9"]
[EventCountry "POL"]
[SourceTitle "CBM 204 Extra"]
[Source "ChessBase"]
[SourceDate "2021.11.30"]
[SourceVersion "1"]
[SourceVersionDate "2021.11.30"]
[SourceQuality "1"]
[WhiteTeam "Ostrow Wielkopolski"]
[BlackTeam "Warszawa Czternastka"]
[WhiteTeamCountry "POL"]
[BlackTeamCountry "POL"]

1. d4 Nf6 2. c4 g6 3. Nf3 Bg7 4. g3 d6 5. Bg2 0-0 6. Nc3 c6 7. 0-0 Bf5 8. Qb3 Qc8 9. Re1 Be6 10. e4 b5 11. e5 Bxc4 12. exf6 Bxb3 13. fxg7 Kxg7 14. axb3 Qc7 15. b4 Nd7 16. Rxe7 Rfe8 17. Rxe8 Rxe8 18. Be3 d5 19. Bf4 Qb7 20. h3 f6 21. h4 Nb6 22. Ne1 h6 23. b3 Qe7 24. Nd3 g5 25. hxg5 hxg5 26. Be3 Qc7 27. Ne2 Nc8 28. g4 Kg6 29. Nc5 Re7 30. Bf3 Nd6 31. Kg2 f5 32. Nd3 f4 33. Bd2 Ne4 34. Be1 Qd6 35. Ra6 Kg7 36. Ne5 Rc7 37. Nc3 Nxc3 38. Bxc3 Kf8 39. Be2 Qh6 40. Bf3 Qe6 41. Kf1 Ke7 42. Ke1 Kd8 43. Be2 Qc8 44. Ra1 Rh7 45. Kd2 Qb7 46. Rxa7 Qxa7 47. Nxc6+ Kc8 48. Nxa7+ Rxa7 49. Bxb5 Ra2+ 50. Ke1 Rc2 51. Bd2 Kc7 52. Kd1 Rb2 53. Ba4 Kb6 54. f3 Ra2 55. b5 Rb2 56. Ke2 Ra2 57. Kd3 Kb7 58. b6 Kxb6 59. Bd7 Rb2 60. b4 Ra2 61. Be6 Kc6 62. b5+ Kd6 63. Bf7 Rb2 64. Be8 Ke7 65. Bc6 Kd6 66. Ke2 Ke6 67. Kd1 Rb3 68. Ke2 Rb2 69. Kd3 Ra2 70. b6 Kd6 71. Be8 Rb2 72. Ba5 Ke7 73. Kc3 Rb1 74. Kc2 1-0

[Event "Warsaw op-A"]
[Site "Warsaw"]
[Date "2021.07.19"]
[Round "1"]
[White "Jarzebowski, Kacper"]
[Black "Sonis, Francesco"]
[Result "0-1"]
[WhiteElo "2110"]
[BlackElo "2501"]
[PlyCount "58"]
[EventDate "2021.07.19"]
[EventType "swiss"]
[EventRounds "9"]
[EventCountry "POL"]
[SourceTitle "CBM 203 Extra"]
[Source "ChessBase"]
[SourceDate "2021.09.30"]
[SourceVersion "1"]
[SourceVersionDate "2021.09.30"]
[SourceQuality "1"]

1. d4 Nf6 2. c4 e6 3. Nc3 Bb4 4. e3 0-0 5. Bd2 b6 6. Nf3 Bb7 7. Bd3 d5 8. cxd5 exd5 9. Qc2 Be7 10. Ne5 c5 11. 0-0 Nc6 12. Nxc6 Bxc6 13. f3 Bd6 14. Be1 Qc7 15. g3 Rfe8 16. Bf2 c4 17. Bf5 g6 18. Bh3 b5 19. a3 a5 20. a4 b4 21. Nb5 Bxb5 22. axb5 b3 23. Qc1 a4 24. b6 Qxb6 25. e4 dxe4 26. fxe4 Nxe4 27. Bg2 Qb5 28. Re1 f5 29. Bxe4 fxe4 0-1

[Event "POL-ch Academic"]
[Site "Chorzow"]
[Date "2021.05.14"]
[Round "4.9"]
[White "Walter, Szymon"]
[Black "Jarzebowski, Kacper"]
[Result "1-0"]
[WhiteElo "2284"]
[BlackElo "2121"]
[PlyCount "105"]
[EventDate "2021.05.14"]
[EventType "swiss (rapid)"]
[EventRounds "9"]
[EventCountry "POL"]
[SourceTitle "CBM 202 Extra"]
[Source "ChessBase"]
[SourceDate "2021.07.31"]
[SourceVersion "1"]
[SourceVersionDate "2021.07.31"]
[SourceQuality "1"]

1. e4 c6 2. d4 d5 3. e5 c5 4. dxc5 Nc6 5. Nf3 Bg4 6. a3 e6 7. b4 Nxe5 8. Bb5+ Nc6 9. Bb2 Nf6 10. h3 Bxf3 11. Qxf3 Be7 12. Nd2 0-0 13. 0-0 a5 14. Bxc6 bxc6 15. Nb3 Ne4 16. Nxa5 Rxa5 17. bxa5 Qxa5 18. Qg4 g6 19. Qf4 Qxc5 20. a4 Qxc2 21. Ba3 c5 22. a5 Bf6 23. Rac1 Qa2 24. Bxc5 Bg5 25. Qc7 Bxc1 26. Bxf8 Kxf8 27. Qxc1 Qxa5 28. Qb2 Qc3 29. Qb8+ Kg7 30. Qf4 h5 31. Rd1 Qb2 32. f3 Qf2+ 33. Kh2 h4 34. Qe5+ Nf6 35. Kh1 Qg3 36. Qc3 e5 37. Qe1 Qf4 38. Qd2 Qf5 39. Re1 d4 40. Qe2 d3 41. Qd2 Nh5 42. Qc3 Ng3+ 43. Kh2 Ne2 44. Qd2 e4 45. fxe4 Qxe4 46. Qb2+ Kh7 47. Qd2 Qe5+ 48. Kh1 Qe4 49. Qg5 Ng3+ 50. Qxg3 d2 51. Rxe4 d1Q+ 52. Qe1 Qh5 53. Rxh4 1-0

[Event "Krakow op-A 31st"]
[Site "Krakow"]
[Date "2021.01.03"]
[Round "8"]
[White "Jarzebowski, Kacper"]
[Black "Kubicka, Anna"]
[Result "1/2-1/2"]
[WhiteElo "2107"]
[BlackElo "2256"]
[PlyCount "101"]
[EventDate "2020.12.27"]
[EventType "swiss"]
[EventRounds "9"]
[EventCountry "POL"]
[SourceTitle "CBM 200 Extra"]
[Source "ChessBase"]
[SourceDate "2021.03.31"]
[SourceVersion "1"]
[SourceVersionDate "2021.03.31"]
[SourceQuality "1"]

1. e4 c5 2. d3 Nc6 3. g3 d5 4. exd5 Qxd5 5. Nf3 Bg4 6. Bg2 Nf6 7. 0-0 Qd7 8. Nbd2 e6 9. Re1 Bd6 10. Ne4 Be7 11. Be3 b6 12. h3 Bxf3 13. Qxf3 Rc8 14. Rad1 0-0 15. c3 Rfd8 16. g4 Ne5 17. Qg3 Nxd3 18. Nxf6+ Bxf6 19. Be4 Qb5 20. g5 Be7 21. a4 Qc4 22. Qg4 Ne5 23. Qf4 Rxd1 24. Rxd1 Qb3 25. Rd2 Ng6 26. Bxg6 hxg6 27. Rd7 Re8 28. Qc7 Bf8 29. Rxf7 Qxa4 30. Rf4 Qd1+ 31. Kh2 Re7 32. Qc8 Rf7 33. Qxe6 Qd7 34. Re4 Qxe6 35. Rxe6 Rd7 36. Kg2 Kf7 37. Rc6 Bd6 38. Kf3 Ke6 39. Ke4 Re7 40. f4 Kd7+ 41. Kd5 Bc7 42. Bc1 Re1 43. Rxg6 Rd1+ 44. Ke4 Rxc1 45. Rxg7+ Kc6 46. g6 Rh1 47. Rh7 Rg1 48. Kf5 Bxf4 49. Kxf4 Rxg6 50. Rxa7 Rg2 51. Re7 1/2-1/2

[Event "Krakow op-A 31st"]
[Site "Krakow"]
[Date "2021.01.02"]
[Round "6"]
[White "Jarzebowski, Kacper"]
[Black "Golecki, Jan"]
[Result "0-1"]
[WhiteElo "2107"]
[BlackElo "2162"]
[PlyCount "96"]
[EventDate "2020.12.27"]
[EventType "swiss"]
[EventRounds "9"]
[EventCountry "POL"]
[SourceTitle "CBM 200 Extra"]
[Source "ChessBase"]
[SourceDate "2021.03.31"]
[SourceVersion "1"]
[SourceVersionDate "2021.03.31"]
[SourceQuality "1"]

1. d4 Nf6 2. c4 e6 3. Nc3 Bb4 4. Qc2 0-0 5. Bg5 d5 6. e3 h6 7. Bh4 c5 8. Nf3 cxd4 9. exd4 Nc6 10. a3 Be7 11. Rd1 b6 12. cxd5 Nxd5 13. Bxe7 Ncxe7 14. Be2 Bb7 15. 0-0 Nf4 16. Qd2 Neg6 17. g3 Qf6 18. d5 Nxd5 19. Ne4 Qe7 20. Rfe1 Rfd8 21. Qc2 Rac8 22. Qa4 a6 23. Bf1 Nf6 24. Ned2 b5 25. Qb3 Bd5 26. Qe3 Ng4 27. Qe2 Qb7 28. h3 Nf6 29. Rc1 h5 30. h4 Ng4 31. b4 Ne7 32. Nd4 e5 33. N4b3 Nf5 34. Rxc8 Qxc8 35. Rc1 Qe6 36. Nc5 Qg6 37. Qd3 Rd6 38. Nde4 Bxe4 39. Qxe4 Nxf2 40. Kxf2 Qxg3+ 41. Ke2 Qh2+ 42. Qg2 Qf4 43. Nd3 Ng3+ 44. Ke1 Qe3+ 45. Kd1 Nxf1 46. Rc8+ Kh7 47. Qxf1 Rxd3+ 48. Kc2 Qd2+ 0-1